Candidat aux élections présidentielles de 2022 - Statistiques

Statistiques générales
  • Ce quiz a été pris 109 fois
  • Le résultat moyen est 10 sur 12
Statistiques - réponses
Hint Réponse % Correct
Rassemblement national Marine Le Pen
100%
La République En Marche Emmanuel Macron
99%
Reconquête Éric Zemmour
97%
La France Insoumise Jean-Luc Mélenchon
96%
Les Républicains Valérie Pécresse
89%
Nouveau parti anticapitaliste Philippe Poutou
80%
Parti socialiste Anne Hidalgo
79%
Résistons ! Jean Lassalle
73%
Parti communiste français Fabien Roussel
72%
Lutte ouvrière Nathalie Arthaud
71%
Europe Écologie Les Verts Yannick Jadot
71%
Debout La France Nicolas Dupont-Aignan
66%
Aucun quiz correspondant
Distribution des résultats
% des personnes avec chaque résultat
Percentile par nombre de réponses
Votre historique - résultats
Vous n’avez pas pris ce quiz